• 首页
  • 本馆介绍
  • 公告通知
  • 最新文献
  • 馆藏检索
  • 电子资源
  • 读者荐购
  • 参考咨询
  • CALIS
  • 我的图书馆
  • 登录
  • 详细信息显示
  • 放入我的书架
  • 预约/预借图书
  • 作者相关作品
  • 分类相关作品
  • 丛书相关作品
  • 出版社相关作品

书目信息

  • 表格格式
  • 工作单格式
  • 卡片格式
题名:
一级注册结构工程师专业考试历年试题·疑问解答·专题聚集
    
 
作者: 申兆武 , 张庆芳 主编
分册:  
出版信息: 北京   中国建筑工业出版社  2011.03
页数: 553页
开本: 26cm
丛书名: 执业资格考试丛书
单 册:
中图分类: TU3
科图分类:
主题词: 建筑结构--jian zhu jie gou--工程师--资格考核--自学参考资料
电子资源:
ISBN: 978-7-112-12868-6
 
 
 
 
 
000 01192nam 2200301 450
001 296123
005 20110722192415.20
010    @a978-7-112-12868-6@dCNY76.00
100    @a20110331d2011 km y0chiy50 ea
101 0  @achi
102    @aCN@b110000
105    @aak a 000yy
106    @ar
200 1  @a一级注册结构工程师专业考试历年试题·疑问解答·专题聚集@Ayi ji zhu ce jie gou gong cheng shi zhuan ye kao shi li nian shi ti yi wen jie da zhuan ti ju ji@f张庆芳, 申兆武主编
210    @a北京@c中国建筑工业出版社@d2011.03
215    @a553页@c图@d26cm
225 2  @a执业资格考试丛书@Azhi ye zi ge kao shi cong shu
320    @a有书目 (第552-553页)
330    @a本书分为历年试题、疑问解答、专题聚焦三部分,历年试题来源于2003-2009年的一级注册结构工程师专业考试试题,除每道题目均给出详细解答过程(涉及《建筑抗震设计规范》的宁日,已按2010版作答),某些相关知识还予以点评。
333    @a适合建设人员
410  0 @12001 @a执业资格考试丛书
586    @a
606 0  @a建筑结构@Ajian zhu jie gou@x工程师@x资格考核@j自学参考资料
690    @aTU3@v5
701  0 @a申兆武@Ashen zhao wu@4主编
701  0 @a张庆芳@Azhang qing fang@4主编
801  0 @aCN@c20110610
905    @dTU3@eZ150
    
    一级注册结构工程师专业考试历年试题·疑问解答·专题聚集/张庆芳, 申兆武主编.-北京:中国建筑工业出版社,2011.03
    553页:图;26cm.-(执业资格考试丛书)
    使用对象:适合建设人员
    
    ISBN 978-7-112-12868-6:CNY76.00
    本书分为历年试题、疑问解答、专题聚焦三部分,历年试题来源于2003-2009年的一级注册结构工程师专业考试试题,除每道题目均给出详细解答过程(涉及《建筑抗震设计规范》的宁日,已按2010版作答),某些相关知识还予以点评。
●
相关链接 在E读中查询图书 在当当中查询图书 在豆瓣中查询图书


正题名:一级注册结构工程师专业考试历年试题·疑问     索取号:TU3/Z150         预约/预借

序号 登录号 条形码 馆藏地/架位号 状态 备注
1 887701   208877018   自科二线404/404自科库 3排6列1层/ [索取号:TU3/Z150] 在馆    
2 887702   208877027   自科二线404/404自科库 3排6列1层/ [索取号:TU3/Z150] 在馆    
3 887703   208877036   自科二线404/404自科库 3排6列1层/ [索取号:TU3/Z150] 在馆    
4 887704   208877045   自科二线404/404自科库 3排6列1层/ [索取号:TU3/Z150] 在馆    
5 887705   208877054   土木与交通工程学院资料室/土木与交通学院资料室 1排1列1层/ [索取号:TU3/Z150] 在馆    
河南城建学院图书馆 欢迎您!
大连网信软件有限公司© 版权所有